<?xml version="1.0" encoding="UTF-8"?>
<record
    xmlns:xsi="http://www.w3.org/2001/XMLSchema-instance"
    xsi:schemaLocation="http://www.loc.gov/MARC21/slim http://www.loc.gov/standards/marcxml/schema/MARC21slim.xsd"
    xmlns="http://www.loc.gov/MARC21/slim">

  <leader>00557nam a22001817a 4500</leader>
  <datafield tag="999" ind1=" " ind2=" ">
    <subfield code="c">18405</subfield>
    <subfield code="d">18405</subfield>
  </datafield>
  <controlfield tag="008">200804b        xxu||||| |||| 00| 0 eng d</controlfield>
  <datafield tag="020" ind1=" " ind2=" ">
    <subfield code="a">1250058782</subfield>
  </datafield>
  <datafield tag="050" ind1=" " ind2=" ">
    <subfield code="a">Q335</subfield>
    <subfield code="b">.B37 2013 c.1</subfield>
  </datafield>
  <datafield tag="100" ind1=" " ind2=" ">
    <subfield code="a">Barrat, James</subfield>
  </datafield>
  <datafield tag="245" ind1=" " ind2=" ">
    <subfield code="a">Our Final Invention </subfield>
    <subfield code="b">Artificial intelligence and the end of the human era</subfield>
    <subfield code="c">James Barrat </subfield>
  </datafield>
  <datafield tag="260" ind1=" " ind2=" ">
    <subfield code="a">New York</subfield>
    <subfield code="b">Thoma Dunne Books </subfield>
    <subfield code="c">2013</subfield>
  </datafield>
  <datafield tag="300" ind1=" " ind2=" ">
    <subfield code="a">322p.</subfield>
  </datafield>
  <datafield tag="650" ind1=" " ind2=" ">
    <subfield code="a">Artificial Intelligence </subfield>
  </datafield>
  <datafield tag="650" ind1=" " ind2=" ">
    <subfield code="a">Human Computer interraction</subfield>
  </datafield>
  <datafield tag="650" ind1=" " ind2=" ">
    <subfield code="a">Human engineering </subfield>
  </datafield>
  <datafield tag="650" ind1=" " ind2=" ">
    <subfield code="a">human evolution </subfield>
  </datafield>
  <datafield tag="942" ind1=" " ind2=" ">
    <subfield code="2">lcc</subfield>
    <subfield code="c">BK</subfield>
  </datafield>
  <datafield tag="952" ind1=" " ind2=" ">
    <subfield code="0">0</subfield>
    <subfield code="1">0</subfield>
    <subfield code="2">lcc</subfield>
    <subfield code="7">0</subfield>
    <subfield code="a">KABU</subfield>
    <subfield code="b">KABU</subfield>
    <subfield code="d">2020-08-04</subfield>
    <subfield code="g">2672.00</subfield>
    <subfield code="l">2</subfield>
    <subfield code="m">1</subfield>
    <subfield code="o">Q335 .B37 2013 c.1</subfield>
    <subfield code="p">030049</subfield>
    <subfield code="r">2025-03-06 08:22:41</subfield>
    <subfield code="s">2025-02-27</subfield>
    <subfield code="w">2020-08-04</subfield>
    <subfield code="y">BK</subfield>
  </datafield>
  <datafield tag="952" ind1=" " ind2=" ">
    <subfield code="0">0</subfield>
    <subfield code="1">0</subfield>
    <subfield code="2">lcc</subfield>
    <subfield code="7">0</subfield>
    <subfield code="a">KABU</subfield>
    <subfield code="b">KABU</subfield>
    <subfield code="d">2020-08-04</subfield>
    <subfield code="g">2672.00</subfield>
    <subfield code="l">7</subfield>
    <subfield code="m">2</subfield>
    <subfield code="o">Q335 .B37 2013 c.2</subfield>
    <subfield code="p">030050</subfield>
    <subfield code="r">2025-06-25 14:24:59</subfield>
    <subfield code="s">2025-06-17</subfield>
    <subfield code="w">2020-08-04</subfield>
    <subfield code="y">BK</subfield>
  </datafield>
  <datafield tag="952" ind1=" " ind2=" ">
    <subfield code="0">0</subfield>
    <subfield code="1">0</subfield>
    <subfield code="2">lcc</subfield>
    <subfield code="7">0</subfield>
    <subfield code="a">KABU</subfield>
    <subfield code="b">KABU</subfield>
    <subfield code="d">2020-08-04</subfield>
    <subfield code="g">2672.00</subfield>
    <subfield code="l">11</subfield>
    <subfield code="o">Q335 .B37 2013 c.3</subfield>
    <subfield code="p">030051</subfield>
    <subfield code="r">2025-06-24 11:22:19</subfield>
    <subfield code="s">2025-06-09</subfield>
    <subfield code="w">2020-08-04</subfield>
    <subfield code="y">BK</subfield>
  </datafield>
  <datafield tag="952" ind1=" " ind2=" ">
    <subfield code="0">0</subfield>
    <subfield code="1">0</subfield>
    <subfield code="2">lcc</subfield>
    <subfield code="7">0</subfield>
    <subfield code="a">KABU</subfield>
    <subfield code="b">KABU</subfield>
    <subfield code="d">2020-08-04</subfield>
    <subfield code="g">2672.00</subfield>
    <subfield code="l">3</subfield>
    <subfield code="o">Q335 .B37 2013 c.4</subfield>
    <subfield code="p">029001</subfield>
    <subfield code="r">2021-07-06 00:00:00</subfield>
    <subfield code="s">2021-06-14</subfield>
    <subfield code="w">2020-08-04</subfield>
    <subfield code="y">BK</subfield>
  </datafield>
  <datafield tag="952" ind1=" " ind2=" ">
    <subfield code="0">0</subfield>
    <subfield code="1">0</subfield>
    <subfield code="2">lcc</subfield>
    <subfield code="7">0</subfield>
    <subfield code="a">KNTC</subfield>
    <subfield code="b">KNTC</subfield>
    <subfield code="d">2020-08-04</subfield>
    <subfield code="g">2672.00</subfield>
    <subfield code="l">0</subfield>
    <subfield code="o">Q335 .B37 2013 c.1</subfield>
    <subfield code="p">029002</subfield>
    <subfield code="r">2020-08-04 00:00:00</subfield>
    <subfield code="w">2020-08-04</subfield>
    <subfield code="y">BK</subfield>
  </datafield>
  <datafield tag="952" ind1=" " ind2=" ">
    <subfield code="0">0</subfield>
    <subfield code="1">0</subfield>
    <subfield code="2">lcc</subfield>
    <subfield code="7">0</subfield>
    <subfield code="a">KNTC</subfield>
    <subfield code="b">KABU</subfield>
    <subfield code="d">2020-08-04</subfield>
    <subfield code="g">2672.00</subfield>
    <subfield code="l">3</subfield>
    <subfield code="o">Q335 .B37 2013 c.2</subfield>
    <subfield code="p">029003</subfield>
    <subfield code="r">2025-05-21 12:38:17</subfield>
    <subfield code="s">2025-03-19</subfield>
    <subfield code="w">2020-08-04</subfield>
    <subfield code="y">BK</subfield>
  </datafield>
</record>
